Eurobasket History - Statistics

General Stats
  • This quiz has been taken 21 times
  • The average score is 14 of 23
Answer Stats
Question Answer % Correct
Which women's national team won consecutive 17 titles at Eurobasket from 1960 to 1991? Soviet Union
100%
Which German player was MVP and top scorer of 2005 Eurobasket? Dirk Nowitzki
89%
Which Greek legend was Eurobasket top scorer in four tournaments 1983, 1987, 1989 and 1991? Nikos Galis
89%
Which Spanish player was MVP of 2009 and 2015 Eurobasket? Pau Gasol
89%
Which team won Eurobasket in 2017? Slovenia
89%
Which Yugoslavian legend was Eurobasket top scorer in four consecutive tournaments from 1959 to 1965? Radivoj Korać
78%
Which Yugoslavian player was MVP of 1991 Eurobasket? Toni Kukoč
78%
Which French player was MVP and top scorer of 2013 Eurobasket? Tony Parker
78%
Which national team won Eurobasket in 1993 as a host? Germany
67%
Which Lithuanian player was MVP and top scorer of 1995 Eurobasket? Šarunas Marčiulionis
67%
Which team has won the most gold medals in the history of Eurobasket? Soviet Union
67%
Which of the following team have never won Eurobasket? Croatia
56%
Which Slovenian player was MVP of 2017 Eurobasket? Goran Dragić
56%
Which Italian player was MVP of 1999 Eurobasket? Gregor Fučka
56%
Which player besides Krešimir Ćosić is the only one in the history who was named Eurobasket MVP two times? Pau Gasol
56%
Which Yugoslavian player was MVP of 2001 Eurobasket? Predrag Stojaković
56%
Which Lithuanian player was MVP of 2003 Eurobasket? Šarunas Jasikevičius
56%
Which German player was MVP of 1993 Eurobasket? Christian Welp
44%
Which country was the host of the first Eurobasket in 1935? Switzerland
44%
Which Yugoslavian player was MVP of 1997 Eurobasket? Aleksandar Đorđević
33%
Who has the most Eurobasket titles as a coach? Alexander Gomelsky
33%
Against which team Aleksandar Đorđević scored 41 points in Eurobasket final in 1995? Lithuania
33%
Who is the all-time leading scorer in total points scored in the history of Eurobasket? Pau Gasol
33%
No matching quizzes found
Score Distribution
Percent of People with Each Score
Percentile by Number Answered
Your Score History
You have not taken this quiz